Statistics for Celtic Goalkeeper By Year

Click here to take the quiz!

General Stats

  • This quiz has been taken 195 times
    (8 since last reset)
  • The average score is 14 of 25

Answer Stats

SeasonGoalkeeper% Correct
2011-12Fraser Forster
88%
2013-14Fraser Forster
88%
2010-11Fraser Forster
88%
2019-20Fraser Forster
88%
2012-13Fraser Forster
88%
2022-23Joe Hart
88%
2023-24Joe Hart
88%
2021-22Joe Hart
88%
2007-08Artur Boruc
50%
2009-10Artur Boruc
50%
2005-06Artur Boruc
50%
2006-07Artur Boruc
50%
2008-09Artur Boruc
50%
2015-16Craig Gordon
50%
2016-17Craig Gordon
50%
2017-18Craig Gordon
50%
2014-15Craig Gordon
50%
2004-05David Marshall
38%
2003-04Robert Douglas
38%
2002-03Robert Douglas
38%
2001-02Robert Douglas
38%
2000-01Robert Douglas
38%
1999-00Jonathan Gould
13%
2020-21Scott Bain
13%
2018-19Scott Bain
13%

Score Distribution

Percentile by Number Answered

Percent of People with Each Score

Your Score History

You have not taken this quiz since the last reset